| 000 | 00482nam a2200169Ia 4500 | ||
|---|---|---|---|
| 008 | 210210b1998 xxu||||| |||| 00| 0 eng d | ||
| 020 | _a0 333 65771 3 | ||
| 082 | _a820.9 PECW | ||
| 100 | _aPECK (John) | ||
| 245 | _aWilkie Collins:New casebooks ed by Lyn Pykett. | ||
| 260 |
_aLondon _bMacmillan Press Ltd _c1998 |
||
| 300 | _aix,280 | ||
| 650 | _aWilkie Collins Critical Essays New Case Books | ||
| 690 | _aEnglish Criticism | ||
| 700 | _aCOYLE (Martin). | ||
| 906 | _a056056 | ||
| 999 |
_c103695 _d103695 |
||